000 00302nam a2200133 i 4500
001 bg
100 1 _aSIROTIN, Ju. I.
245 0 _aOsnovy kristallofiziki /
_cJu.I. Sirotin.
260 _aMoskva,
_c1975.
040 _cBPK
041 _apol
942 _cKS
008 s pl f |000 0 pol
999 _c16386
_d16386
856 _uhttp://koha.tu.koszalin.pl/cgi-bin/koha/opac-detail.pl?biblionumber=16386
_yKatalog online BPK